Physical education universe (Record no. 393762)

MARC details
000 -LEADER
fixed length control field 00470 a2200181 4500
005 - DATE & TIME
control field 20260129101645.0
008 - FIXED-LENGTH DATA ELEMENTS--GENERAL INFORMATION
fixed length control field 260128b |||||||| |||| 00| 0 eng d
020 ## - ISBN
International Standard Book Number 9789390461011
Price Rs. 700.00
040 ## - CATALOGING SOURCE
Original cataloging agency VIVEKANANDA LIBRARY
082 ## - DDC NUMBER
Classification number 796.07
Book Number M295P
100 ## - MAIN ENTRY--PERSONAL NAME
Personal name Malik, Sanjay
245 ## - TITLE STATEMENT
Title Physical education universe
260 ## - PUBLICATION, DISTRIBUTION, ETC. (IMPRINT)
Name of publisher, distributor, etc Khel Sahitya Kendra
Place of publication, distribution, etc New Delhi
Date of publication, distribution, etc 2025
300 ## - PHYSICAL DESCRIPTION
Pages 494
650 ## - Subject
Subject Physical Education
700 ## - Added Entry Personal Name
Added Entry Personal Name Dhankhar, Yogesh
942 ## - ADDED ENTRY ELEMENTS (KOHA)
Koha item type Books
Holdings
Withdrawn status Lost status Source of classification or shelving scheme Damaged status Not for loan Location (home branch) Sublocation or collection (holding branch) Shelving location Date acquired Koha issues (times borrowed) Koha full call number Accession No. Koha date last seen Copy number Koha item type
    Dewey Decimal Classification     VIVEKANANDA LIBRARY VIVEKANANDA LIBRARY Vivekananda Library 03/12/2025 1 796.07 M295P 443375 10/04/2026 R Books
© Designed and Maintained by Vivekananda Library, MDU Rohtak